| 000 | 00709 a2200193 4500 | ||
|---|---|---|---|
| 003 | Nust | ||
| 005 | 20221110090739.0 | ||
| 020 | _a0395266386 | ||
| 040 | _cNust | ||
| 082 | _a512.1,DOL | ||
| 100 | _a Dolciani, Mary P. | ||
| 245 |
_aAlgebra _bstructure and method book 1 / _c Mary P. Dolciani |
||
| 250 | _ateacher's edition | ||
| 260 |
_aAtlanta _bHoughton co _c1979 |
||
| 300 | _a500 :P | ||
| 505 | _aIntroduction (Page-T1), Alternate Chapter Tests (Page-T15), Guide To Individualized Assignments (Page-T23), Tables Of Related References (Page-T37), Detailed Comments Ion The Text With Chalkboard Example Ad Suggested Extensions (Page-T39). | ||
| 650 |
_aAlgebra _98509 |
||
| 942 |
_2ddc _cBK _k512.1,DOL |
||
| 999 |
_c181757 _d181757 |
||